| 000 | 03348nam a2200577Ii 4500 | ||
|---|---|---|---|
| 001 | DIGSIGHOM084 | ||
| 003 | NyNyDIG | ||
| 008 | 191101s2019 ck ob 000 0 spa d | ||
| 006 | m o d | ||
| 007 | cr ||||||||||| | ||
| 035 | _a(OCoLC)1126310903 | ||
| 040 |
_aDGITA _beng _erda _epn _cDGITA |
||
| 020 |
_a9789586655422 _q(eBook ; _qpdf) |
||
| 020 |
_a9586655423 _q(eBook ; _qpdf) |
||
| 020 |
_a9789586655415 _q(eBook ; _qePub) |
||
| 020 |
_a9586655415 _q(eBook ; _qePub) |
||
| 020 | _z9789586655408 | ||
| 020 | _z9586655407 | ||
| 043 | _as-ck--- | ||
| 050 | 4 | _aHN310.Z9 ebook | |
| 082 | 0 | 4 | _a303.6609861 |
| 245 | 0 | 0 |
_aCartografías del mal : _blos contextos violentos de nuestro tiempo / _cCamila de Gamboa y Cristina Sánchez (eds.). |
| 264 | 1 |
_aBogotá, D.C. : _bSiglo del Hombre Editores ; _aMedellín : _bUniversidad EAFIT ; _aBogotá, D.C. : _bUniversidad del Rosario, _c2019. |
|
| 300 | _a1 online resource. | ||
| 336 |
_atext _btxt _2rdacontent |
||
| 337 |
_acomputer _bc _2rdamedia |
||
| 338 |
_aonline resource _bcr _2rdacarrier |
||
| 347 |
_atext file _2rdaft |
||
| 347 | _bPDF | ||
| 347 | _bEPUB | ||
| 490 | 1 | _aBiblioteca José Martí. Justicia & Conflicto | |
| 504 | _aIncludes bibliographical references. | ||
| 505 | 0 | _aEntre la banalidad del mal y la realidad del deseo / María Victoria Uribe -- El mal como el doble oscuro en la realización histórica de la Modernidad / Luis Fernando Cardona Suárez -- Neoliberalismo y violencia moral : escenarios de humillación / Ángela Sierra -- Pensar en el mal, pensar contra el mal / Cristina Sánchez -- Emociones en narrativas del mal que con-sentimos / Marieta Quintero Mejía -- La sencillez del perdón : reconocimiento, amor y justicia en Paul Ricoeur / Gabriel Aranzueque -- Las disculpas políticas y su propósito en la justicia transicional / Camila de Gamboa y Wilson Herrera -- "Por eso, Sr. Eichmann, debe Ud. ser colgado" : de Eichmann en Jerusalén a los "Juicios" en Argentina (reflexiones situadas) / Claudia Hilb -- Verdad y narración : la lucha por la memoria en Alemania después del Holocausto / Wolfgang Heuer -- Los pliegues de la memoria : daño y testimonios de segunda generación en la dictadura chilena / María José López Merino. | |
| 505 | 0 | _aEl lenguaje del mal -- Frente a la violencia -- La memoria y sus luchas. | |
| 588 | 0 | _aOnline resource; title from PDF title page (Digitalia, viewed November 7, 2019) | |
| 650 | 0 |
_aPolitical violence _zColombia. |
|
| 650 | 0 |
_aVictims of violent crimes _zColombia. |
|
| 650 | 0 |
_aReparation (Criminal justice) _zColombia. |
|
| 651 | 0 |
_aColombia _xPolitics and government _y1974- |
|
| 650 | 0 |
_aCollective memory _zColombia. |
|
| 655 | 0 | _aElectronic books. | |
| 700 | 1 |
_aGamboa Tapias, Camila de, _eeditor. |
|
| 700 | 1 |
_aSánchez, Cristina, _d1959- _eeditor. |
|
| 791 | 2 |
_aDigitalia (Firm), _edistributor. |
|
| 793 | 0 |
_gDigitalia eBook Collection: _aSiglo del Hombre |
|
| 776 | 0 | 8 |
_iPrint version: _tCartografías del mal. _dBogotáD.C. : Siglo del Hombre Editores ; Medellín : Universidad EAFIT ; Bogotá, D.C. : Universidad del Rosario, 2019 _z9789586655408 _w(OCoLC)1104796881 |
| 830 | 0 |
_aBiblioteca José Martí. _pJusticia & conflicto. |
|
| 856 | 4 | 0 |
_3Digitalia Hispánica _uhttps://www.digitaliapublishing.com/a/59664/ |
| 910 | _aPremium collection: 2019 | ||
| 942 | _cRAA | ||
| 999 |
_c256426 _d256426 |
||